• 首页
  • 本馆介绍
  • 公告通知
  • 最新文献
  • 馆藏检索
  • 电子资源
  • 读者导购
  • 参考咨询
  • 我的图书馆
  • 登录
  • 详细信息显示
  • 放入我的书架
  • 预约/预借图书
  • 作者相关作品
  • 分类相关作品
  • 丛书相关作品
  • 出版社相关作品

书目信息

  • 表格格式
  • 工作单格式
  • 卡片格式
题名:
国际船舶代理业务与国际集装箱货代业务
    
 
作者: 王智强
分册:  
出版信息: 北京   对外经济贸易大学出版社  2003
页数: 153
开本: 26cm
丛书名:
单 册:
中图分类: U695
科图分类:
主题词: 水路运输--技术管理
电子资源:
ISBN: 7-81078-228-2
000 00583nam0 2200181 450
001 0760515518
005 20070817164835.51
010    @a7-81078-228-2@d¥18.00
100    @a20070817d km y0chiy0120 ea
101 0  @achi
200 1  @a国际船舶代理业务与国际集装箱货代业务@Aguo ji chuan bo dai li ye wu yu guo ji ji zhuang xiang huo dai ye wu@f王智强@Fwang zhi qiang
210    @a北京@c对外经济贸易大学出版社@d2003
215    @a153@d26cm
606 0  @a水路运输@x技术管理
690    @aU695@v3
701  0 @a王智强@Awang zhi qiang
801  0 @aCN@bPFT@c20070817
905    @a213230@dU695@eg2@f1
    
    国际船舶代理业务与国际集装箱货代业务/王智强.-北京:对外经济贸易大学出版社,2003
    153;26cm
    
    
    ISBN 7-81078-228-2:¥18.00
    
●
相关链接 在E读中查询图书 在五车中查询图书 在当当中查询图书 在豆瓣中查询图书


正题名:国际船舶代理业务与国际集装箱货代业务     索取号:U695/g2         预约/预借

序号 登录号 条形码 馆藏地/架位号 状态 备注
1 6501367   265013674   密集书库-海洋学院/ [索取号:U695/g2] 在馆    
2 6501368   265013683   密集书库-海洋学院/ [索取号:U695/g2] 在馆    
唐山师范学院图书馆 欢迎您!
大连网信软件有限公司© 版权所有